书目信息 |
| 题名: |
春秋战国士人与政治
|
|
| 作者: | 王长华 著 | |
| 分册: | ||
| 出版信息: | 石家庄 河北教育出版社 2007 |
|
| 页数: | 244页 | |
| 开本: | 23cm | |
| 丛书名: | ||
| 单 册: | ||
| 中图分类: | D691.2 | |
| 科图分类: | ||
| 主题词: | 士--关系--政治--中国--春秋战国时代 , 士 , 政治 | |
| 电子资源: | ||
| ISBN: | 978-7-5434-6587-9 | |
| 000 | 00835nam0 2200253 45 | |
| 001 | 1050648343 | |
| 005 | 20100415105643.57 | |
| 010 | @a978-7-5434-6587-9@dCNY27.00 | |
| 100 | @a20100408d2007 ekmy0chiy0120 ea | |
| 101 | 0 | @achi |
| 102 | @aCN@b130000 | |
| 105 | @ay z 000yy | |
| 106 | @ar | |
| 200 | 1 | @a春秋战国士人与政治@AChun Qiu Zhan Guo Shi Ren Yu Zheng Zhi@f王长华著@FWang Chang Hua Zhu |
| 210 | @a石家庄@c河北教育出版社@d2007 | |
| 215 | @a244页@d23cm | |
| 330 | @a本书作者比较系统地研究了春秋战国士人与政治的发展与演变,从横向上比较山东与秦国士人对待政治的不同处理方式以及造成的不同政治结果。 | |
| 606 | 0 | @a士@x关系@x政治@y中国@z春秋战国时代 |
| 606 | 0 | @a士 |
| 606 | 0 | @a政治 |
| 690 | @aD691.2@v4 | |
| 701 | 0 | @a王长华@AWang Chang Hua@4著 |
| 801 | 0 | @aCN@bTANGWEI@c20100415 |
| 905 | @b0589068-72@dD691.2@e154@f5 | |
| 春秋战国士人与政治/王长华著.-石家庄:河北教育出版社,2007 |
| 244页;23cm |
| ISBN 978-7-5434-6587-9:CNY27.00 |
| 本书作者比较系统地研究了春秋战国士人与政治的发展与演变,从横向上比较山东与秦国士人对待政治的不同处理方式以及造成的不同政治结果。 |
| ● |
| 相关链接 |
|
|
|
|
正题名:春秋战国士人与政治
索取号:D691.2/154
 
预约/预借
| 序号 | 登录号 | 条形码 | 馆藏地/架位号 | 状态 | 备注 |
| 1 | 0589068 | 205890687 | 第一样本阅览室/ [索取号:D691.2/154] | 在馆 | |
| 2 | 0589069 | 205890696 | 第一借阅区/ [索取号:D691.2/154] | 在馆 | |
| 3 | 0589070 | 205890703 | 第一借阅区/ [索取号:D691.2/154] | 在馆 | |
| 4 | 0589071 | 205890712 | 第一借阅区/ [索取号:D691.2/154] | 在馆 | |
| 5 | 0589072 | 205890721 | 第一借阅区/ [索取号:D691.2/154] | 在馆 |